Rehabilitation and Restoration of Degraded Forests / (Record no. 3318)

MARC details
000 -LEADER
fixed length control field 00665nam a2200229 a 4500
001 - CONTROL NUMBER
control field 00010204
008 - FIXED-LENGTH DATA ELEMENTS--GENERAL INFORMATION
fixed length control field 110328s2003 a g 000 0 eng d
020 ## - INTERNATIONAL STANDARD BOOK NUMBER
ISBN 2832706688
040 ## - CATALOGING SOURCE
Original cataloging agency BD-Dh-IUB
Transcribing agency BD-Dh-IUB
082 04 - DEWEY DECIMAL CLASSIFICATION NUMBER
Classification number 333.7153
Edition number 19
100 1# - MAIN ENTRY--PERSONAL NAME
Personal name Lamp, David
245 00 - TITLE STATEMENT
Title Rehabilitation and Restoration of Degraded Forests /
Statement of responsibility, etc David Lamp, Don Gilmour
250 ## - EDITION STATEMENT
Edition statement 1st ed.
260 ## - PUBLICATION, DISTRIBUTION, ETC. (IMPRINT)
Place of publication, distribution, etc Cambridge :
Name of publisher, distributor, etc IUCN,
Date of publication, distribution, etc 2003.
300 ## - PHYSICAL DESCRIPTION
Extent i,110p. :
Other physical details illus ;
Dimensions 24cm
520 0# - SUMMARY, ETC.
Summary, etc Environment Management
556 ## - INFORMATION ABOUT DOCUMENTATION NOTE
Information about documentation note 2005\03\05
650 17 - SUBJECT ADDED ENTRY--TOPICAL TERM
Topical term or geographic name as entry element Forets
Source of heading or term Spines
650 17 - SUBJECT ADDED ENTRY--TOPICAL TERM
Topical term or geographic name as entry element Forest Conservation
Source of heading or term Spines
700 1# - ADDED ENTRY--PERSONAL NAME
Personal name Gilmour, Don
Holdings
Withdrawn status Lost status Source of classification or shelving scheme Damaged status Not for loan Home library Current library Shelving location Date acquired Source of acquisition Total Checkouts Full call number Barcode Date last seen Copy number Price effective from Koha item type
    Dewey Decimal Classification     Library, Independent University, Bangladesh (IUB) Library, Independent University, Bangladesh (IUB) General Stacks 21/04/2011     333.7153 L218r 015683 16/05/2011 1 16/05/2011 Books